Sports Quiz

Random Sports or MLB Quiz

Big 4 Sports Venue Suffixes Quiz Stats

 Plays Quiz Updated Jun 12, 2017

Also try: Street Suffixes
Challenge
Share
Tweet
Score 0/12 Timer 07:00
0 Plays Today
# Teams Suffix % Correct
22Stadium
97.4%
21Field
94.9%
17Arena
93.2%
12Park
88.5%
36Center (Centre)
86.6%
4*Dome
65.6%
4Garden
65.3%
2Coliseum
35.1%
1Ballpark
30.8%
2Place
28.8%
1Fieldhouse
24.2%
1Forum
18.8%

You're not logged in!

Compare scores with friends on all Sporcle quizzes.
Join for Free
OR
Log In

You Might Also Like...

Show Comments

Extras

Top Quizzes Today


Score Distribution

Your Account Isn't Verified!

In order to create a playlist on Sporcle, you need to verify the email address you used during registration. Go to your Sporcle Settings to finish the process.

Report this User

Report this user for behavior that violates our Community Guidelines.

Details: